| 000 | 00815nam a2200277 i 4500 | ||
|---|---|---|---|
| 001 | 17458 | ||
| 003 | ES-MaACL | ||
| 005 | 20230906151606.0 | ||
| 007 | t| | ||
| 008 | 010312s2000 sp ||||1| spa d | ||
| 020 | _a84-95034-26-3 | ||
| 080 | _a613.6:691.273 | ||
| 080 | _a691.273:613.6 | ||
| 100 | 1 |
_aCárcoba, Ángel. _9160802 |
|
| 245 | 1 | 3 |
_aEl amianto en España / _cAngel C. Cárcoba Alonso ; Irving J. Selikoff ... [et al.]. |
| 250 | _a1ª ed. | ||
| 260 |
_aMadrid : _bGPS Madrid, _c2000. |
||
| 300 |
_a237 p. ; _c24 cm. |
||
| 490 | 1 |
_aColección ensayos ; _v14 |
|
| 650 | 4 |
_aAsbesto. _910363 |
|
| 650 | 4 |
_aAsbesto- _xEfectos fisiológicos. _9149561 |
|
| 700 | 1 |
_aSelikoff, Irving J. _9105311 |
|
| 830 | 0 |
_aColección ensayos ; _v14 _9179260 |
|
| 852 |
_aES-MaACL _jL-24297 |
||
| 999 |
_c17458 _d17458 |
||